000 01114nam a22003737a 4500
001 0049241
003 KOHA_MİRAKIL
005 20260207003645.0
007 ta
008 150629b2014 tu |||gr||||#||||0|tur |
020 _a9786053331025
040 _aTR-BiSEU
_btur
_cTR-BiSEU
_erda
041 0 _atur
044 _ctu
050 _aKKX2460
_b.K59 2014
100 1 _aKızılyel, Serkan.
245 1 _aTemel hak ve özgürlüklerin kısıtlanmasında kamu güvenliği ölçütü/
_cSerkan Kızılyel ; Serkan Kızılyel.
264 1 _aİstanbul :
_bBeta
_c2014
300 _a225 sayfa; 25 cm.
336 _ametin
_btxt
_2rdacontent
337 _aaracısız
_bn
_2rdamedia
338 _acilt
_bnc
_2rdacarrier
490 1 _aYayın No 3075.
490 1 _aHukuk Dizisi ;
_v1512.
500 _aKaynakça var.
650 0 _aLiberty.
_914068
650 0 _aCivil rights.
_99314
650 0 _aConstitutions--Turkey.
_925232
650 0 _aPublic security.
_990535
650 0 _aHuman rights.
_92926
830 1 _aYayın No 3075.
_990536
830 1 _aHukuk Dizisi ;
_v1512.
_93285
942 _2lcc
_cBK
999 _c49079
_d49079